000 00516nam a2200157 a 4500
001 000043703
005 20241130074013.0
008 140403s2005 dr 000 0 spa d
020 _a994540525X
040 _aDO-SdBNP
_bspa
_cBNPHU
100 1 _aPérez, Odalís
_d1952-
_923828
245 1 3 _aEl espacio de los signos :
_bElementos de semiótica general y semiótica del arte /
_cOdalís G. Pérez.
260 _aSanto Domingo :
_bManatí,
_c2005.
300 _a253 p. ;
_c24 cm.
504 _aBibliografía : p. 243 -253
999 _c43192
_d43192